Vender en internet: las claves del éxito (Registro nro. 7763)
[ vista simple ]
| 000 -Cabecera | |
|---|---|
| Campo de control de longitud fija | 01047ntm a22004097a 4500 |
| 005 - Fecha y hora de la última transacción | |
| Campo de control | 20240319131316.0 |
| 008 - Elementos de longitud fija--Información general | |
| Campo de control de longitud fija | 160302b xxu||||| |||| 00| | spa d |
| 020 ## - International Standard Book Number | |
| Número Internacional Estándar del Libro (ISBN) | 9788441535770 |
| 041 ## - Idioma | |
| Código de idioma | Español |
| 082 ## - Clasificación Decimal Dewey | |
| Número de clasificación | 658.84 E74v2 |
| 100 ## - Entrada principal--Autor personal | |
| Nombre personal | Escribano Arrechea, Javier |
| 9 (RLIN) | 6232 |
| 245 ## - Título propiamente dicho | |
| Título | Vender en internet: las claves del éxito |
| 250 ## - Edición | |
| Mención de edición | 2 edición |
| 260 ## - Pie de imprenta | |
| Lugar de publicación, distribución, etc. | España |
| 260 ## - Pie de imprenta | |
| Nombre del editor, distribuidor, etc. | Anaya |
| 260 ## - Pie de imprenta | |
| Fecha de publicación, distribución, etc. | 2015 |
| 300 ## - Descripción física | |
| Extensión | 392 páginas |
| 650 ## - Materia general | |
| Temática (materia general) | VENTAS EN INTERNET |
| 650 ## - Materia general | |
| Temática (materia general) | MERCADOS POTENCIALES |
| 650 ## - Materia general | |
| Temática (materia general) | TIENDAS ON-LINE |
| 650 ## - Materia general | |
| Temática (materia general) | TIENDAS VIRTUALES |
| 650 ## - Materia general | |
| Temática (materia general) | HOSTING |
| 650 ## - Materia general | |
| Temática (materia general) | CATÁLOGO DE VENTAS |
| 650 ## - Materia general | |
| Temática (materia general) | MULTIMEDIA |
| 650 ## - Materia general | |
| Temática (materia general) | SERVICIO AL CLIENTE |
| 650 ## - Materia general | |
| Temática (materia general) | VIDEOCONFERENCIA |
| 650 ## - Materia general | |
| Temática (materia general) | REDES SOCIALES |
| 650 ## - Materia general | |
| Temática (materia general) | ENTREGA DE PRODUCTOS |
| 650 ## - Materia general | |
| Temática (materia general) | FORMAS DE PAGO |
| 650 ## - Materia general | |
| Temática (materia general) | MARKETING |
| 650 ## - Materia general | |
| Temática (materia general) | BLOGS |
| 650 ## - Materia general | |
| Temática (materia general) | ESTRATEGIAS DE VENTAS |
| 650 ## - Materia general | |
| Temática (materia general) | EVALUACIÓN DE LA EMPRESA |
| 650 ## - Materia general | |
| Temática (materia general) | COMERCIO ELECTRÓNICO |
| 942 ## - Punto de acceso adicional KOHA | |
| Tipo de ítem KOHA | Libro |
| Fuente del sistema de clasificación o colocación | Dewey Decimal Classification |
| Signatura completa | Código de barras | Programa Académico | Tipo de ítem |
|---|---|---|---|
| 658.84 E74v2 | 20605 | Dirección y Administración de Empresas | Libro |
| 658.84 E74v2 | 20606 | Dirección y Administración de Empresas | Libro |